[Event "Bayern-ch Seniors 18th"]
[Site "Schloss Schney"]
[Date "2006.07.02"]
[Round "8"]
[White "Eckstein, Luise"]
[Black "Jurgan, Brigitte"]
[Result "1/2-1/2"]
[WhiteElo "1092"]
[BlackElo "1163"]
[PlyCount "28"]
[EventDate "2006.06.25"]
[EventType "swiss"]
[EventRounds "9"]
[EventCountry "GER"]
[SourceTitle "EXT 2007"]
[Source "ChessBase"]
[SourceDate "2006.11.23"]
[SourceVersion "1"]
[SourceVersionDate "2006.11.23"]
[SourceQuality "1"]

1. e4 Nc6 2. Nf3 e5 3. d4 d6 4. Bg5 Be7 5. Qd2 Bxg5 6. Nxg5 h6 7. Nf3 Nf6 8. Nc3 Bg4 9. Be2 Qd7 10. d5 Bxf3 11. Bxf3 Nd4 12. Qd3 Nxf3+ 13. Qxf3 0-0 14. a4 Ng4 1/2-1/2

[Event "Bayern-ch Seniors 17th"]
[Site "Schloss Schney"]
[Date "2005.06.16"]
[Round "7"]
[White "Jurgan, Brigitte"]
[Black "Eckstein, Luise"]
[Result "1/2-1/2"]
[WhiteElo "1192"]
[BlackElo "1127"]
[PlyCount "46"]
[EventDate "2005.06.10"]
[EventType "swiss"]
[EventRounds "9"]
[EventCountry "GER"]
[SourceTitle "EXT 2006"]
[Source "ChessBase"]
[SourceDate "2005.11.24"]
[SourceVersion "1"]
[SourceVersionDate "2005.11.24"]
[SourceQuality "1"]

1. d4 d6 2. c4 b6 3. Nf3 c5 4. d5 g6 5. Nc3 Bg7 6. Bd2 Nf6 7. Rb1 0-0 8. g3 Bf5 9. Rc1 Ne4 10. Nxe4 Bxe4 11. Bg2 Bxf3 12. Bxf3 Bxb2 13. Rb1 Bg7 14. 0-0 Nd7 15. Bf4 Be5 16. Bh6 Re8 17. e4 Bd4 18. Bg2 Bg7 19. Bxg7 Kxg7 20. f4 e5 21. f5 Rf8 22. h4 h5 23. Qc1 Rh8 1/2-1/2

[Event "Wuerttemberg-ch Seniors 15th"]
[Site "Ellwangen"]
[Date "2003.04.11"]
[Round "1"]
[White "Eckstein, Luise"]
[Black "Schuler, Georg"]
[Result "0-1"]
[WhiteElo "1144"]
[BlackElo "1833"]
[PlyCount "94"]
[EventDate "2003.04.??"]
[EventType "swiss"]
[EventRounds "9"]
[EventCountry "GER"]
[SourceTitle "EXT 2006"]
[Source "ChessBase"]
[SourceDate "2005.11.24"]
[SourceVersion "1"]
[SourceVersionDate "2005.11.24"]
[SourceQuality "1"]

1. e4 c5 2. Nf3 e6 3. d4 cxd4 4. Nxd4 a6 5. Be2 Qc7 6. Nc3 Nf6 7. 0-0 Bb4 8. Bd2 Bxc3 9. Bxc3 Nxe4 10. Bd2 d5 11. Be3 0-0 12. Bd3 f5 13. Qe2 Nc6 14. Nxc6 bxc6 15. Bxe4 dxe4 16. Bc5 Rf7 17. Rad1 Bb7 18. Rd2 Qe5 19. Bd4 Qb5 20. c4 Qa5 21. b3 Rd7 22. Rfd1 Rad8 23. Be3 Rxd2 24. Rxd2 Rxd2 25. Qxd2 Qxd2 26. Bxd2 Kf7 27. b4 e5 28. Bg5 Ke6 29. Bd8 Kd6 30. Bb6 Bc8 31. Bc5+ Kc7 32. Bf8 g6 33. Bg7 Kd6 34. Bf8+ Ke6 35. a4 Bd7 36. Bh6 Kf6 37. Bd2 Be6 38. c5 Bb3 39. a5 Ke6 40. g3 Kd5 41. Kf1 Kd4 42. Ke1 Kd3 43. Bc1 Bd5 44. Bd2 Bb3 45. h3 Kc4 46. h4 Bc2 47. Ke2 h6 0-1